| 000 | 00708cam a2200229 4500 | ||
|---|---|---|---|
| 001 | J127985 | ||
| 002 | 7429 | ||
| 008 | 041116n2002 000 0 eng u | ||
| 035 | _a(Sirsi) u127985 | ||
| 050 |
_a333.332 _c18 |
||
| 245 | 4 |
_aThe surveyors' channel _bTime to act _h[multimedia] |
|
| 260 |
_aLondon _bTEN _c2002 |
||
| 300 | _a1 CD-Rom | ||
| 490 |
_aSurveyors' Channel eCPD _v(964) October 2002 |
||
| 505 | _a964 Valuation: Time to act: the Carsberg report - from conception to implementation | ||
| 520 | _aCD-ROM | ||
| 520 | _aFiled in the book sequence. | ||
| 650 | _aCARSBERG REPORT | ||
| 650 | _aCARSBERG RECOMMENDATIONS | ||
| 690 | _aPROPERTY-PROPERTY APPRAISAL AND VALUATION | ||
| 942 | _n0 | ||
| 999 |
_c103850 _d103850 |
||